Austria Wien Kader 2024 - Statistiken

Allgemein
  • Dieses Quiz wurde 69 mal gespielt
  • Das Durchschnittsergebnis liegt bei 17 aus 28
Antwortstatistiken
Hint Antwort % Korrekt
#36 Dominik Fitz
100%
#30 Manfred Fischer
95%
#46 Johannes Handl
90%
#99 Mirko Kos
88%
#26 Reinhold Ranftl
85%
#66 Marvin Martins
78%
#17 Andreas Gruber
75%
#3 Lucas Galvao
75%
#1 Christian Früchtl
73%
#41 Frans Krätzig
65%
Tr Michael Wimmer
65%
#9 Muharem Huskovic
65%
#21 Hakim Guenouche
60%
#40 Matteo Meisl
60%
#13 Lukas Wedl
58%
#37 Moritz Wels
55%
#24 Tin Plavotic
55%
#19 Marvin Potzmann
53%
#29 Marko Raguz
50%
#8 James Holland
48%
#2 Luca Pazourek
48%
#10 Fisnik Asllani
45%
#27 Romeo Vucic
38%
#22 Florian Wustinger
35%
#11 Manuel Polster
35%
#33 Alexander Schmidt
33%
#60 Silva Kani
30%
#4 Ziad El Sheiwi
30%
Keine übereinstimmenden Quizze gefunden
Verteilung der Resultate
Anzahl Personen mit jedem Resultat
Perzentil nach korrekt beantworteten Fragen
Ihre Resultats-Entwicklung
Sie haben dieses Quiz noch nicht gespielt